Špecifiká investovania na trhu s umením bakalárska práca

Uložené v:
Podrobná bibliografia
Hlavný autor: Kašiarová, Dominika
Korporativný autor: Národohospodárska fakulta EU. Katedra bankovníctva a medzinárodných financií
Ďalší autori: Chovancová, Božena
Médium: Kniha
Jazyk:Slovak
Vydavateľské údaje: Bratislava 2017
Tagy: Pridať tag
Žiadne tagy, Buďte prvý, kto otaguje tento záznam!

MARC

LEADER 00000nbm a2200000 4500
001 0233755
005 20240913083756.7
041 0 |a slo 
044 |a SK 
245 1 0 |a Špecifiká investovania na trhu s umením  |b bakalárska práca  |c Dominika Kašiarová ; školiteľ: Božena Chovancová 
264 1 |a Bratislava  |c 2017 
300 |a 56 s. 
100 1 |a Kašiarová, Dominika 
700 1 |a Chovancová, Božena 
710 2 |a Národohospodárska fakulta EU. Katedra bankovníctva a medzinárodných financií